| 000 | 01288cam a22003495a 4500 | ||
|---|---|---|---|
| 005 | 20150813145629.0 | ||
| 008 | 081123s1993 nyu||||gr|||| 00| 0 eng d | ||
| 010 | _a 93029474 | ||
| 020 | _a0824512545 (Vol.2) | ||
| 020 | _a9780824512538 (vol.1) | ||
| 020 | _a0824512545 (Vol.2) | ||
| 020 | _a0824512553 (Vol.3) | ||
| 040 |
_aEG-ScBUE _beng _cEG-ScBUE |
||
| 082 | 0 | 4 |
_a270 _bHIS _222 |
| 100 | _a20080729 | ||
| 245 | 0 | 4 |
_aHistory of the church/ _cedited by Hubert Jedin ; English translation edited by John Dolan ; abridged by D. Larrimore Holland. |
| 260 |
_aNew York : _bCrossroad, _cc.1993. |
||
| 300 |
_a3 vol. ; _c26 cm. |
||
| 490 | 1 |
_aHistory of the church ; _vv. 2 |
|
| 500 | _aThe Medieval and reformation church. Vol.1/The early church. Vol.2/The church in the modern world. Vol.3 | ||
| 590 | _adoaa mohamed | ||
| 610 | 2 | 0 |
_aCatholic Church _xHistory _y16th century. |
| 610 | 2 | 0 |
_aCatholic Church _xHistory _y17th century. |
| 610 | 2 | 0 |
_aCatholic Church _xHistory _y18th century. |
| 650 | _2BUEsh | ||
| 651 | 0 |
_aEurope _xChurch history _y600-1500. _2BUEsh |
|
| 700 | 1 |
_aJedin, Hubert, _d1900- |
|
| 700 | 1 | _aDolan, John Patrick. | |
| 700 | 1 | _aHolland, David Larrimore. | |
| 830 | 0 | _aHandbuch der Kirchengeschichte. | |
| 942 |
_cNB _k270 HIS _2ddc |
||
| 999 |
_c9632 _d9632 |
||